Loki Laufeyson - Statistics

General Stats
  • This quiz has been taken 155 times
    139 since last reset
  • The average score is 16 of 22
Answer Stats
Hint Answer % Correct
The name of his step father Odin
98%
The one he uses before Thanos Odinson
98%
The name of his step brother, you know "Lord of Thunder" Thor Odinson
97%
Actor who portrays Loki Tom Hiddleston
96%
Planet or Realm where he resides with his family Asgard
95%
The name of his "biological" father Laufey
94%
His real last name Laufeyson
94%
The name of his evil step sister, the "Goddess of Death" Hela
91%
Loki is known to be the God of... Mischief
90%
Realm he always wanted to rule Midgard
85%
The name of his step mother Frigg
82%
Avenger who beat him and his brother in the same way Hulk
77%
"Company" that abducted Loki after he vanished in Endgame Time Variance Authority
72%
He met another version of himself, what was the name of such version? Sylvie
70%
Realm where he was originally born Jötunheim
68%
His best friend Möbius M. Möbius
63%
He was considered to be one of these by such "Company" Variant
62%
He started this apocalyptic event in Asgard by doing ^
Ragnarök
54%
Planet where he and his brother were stranded after meeting their sister Sakaar
49%
Race of ugly ill-tempered aliens which he commanded using a sceptre Chitauri
44%
Name of the fire giant he summoned in his home Realm Surtur
43%
Realm where he was stabbed by Kurse which lead to his "death" Svartalfheim
18%
No matching quizzes found
Score Distribution
Percent of People with Each Score
Percentile by Number Answered
Your Score History
You have not taken this quiz since the last reset